[Event "4NCL Division 2b"]
[Site "Birmingham, ENG ENG"]
[Date "2015.11.14"]
[Round "1.251"]
[White "Richardson, John R"]
[Black "Taylor, Adam C"]
[Result "1/2-1/2"]
[WhiteElo "2320"]
[BlackElo "2292"]
[PlyCount "97"]
[EventDate "2015.11.14"]
[WhiteTeam "The AD's"]
[BlackTeam "Anglian Avengers 1"]

1. d4 d5 2. Nf3 Nf6 3. c4 c6 4. e3 Bg4 5. Bd3 e6 6. Nbd2 Nbd7 7. Qc2 Bd6 8. b3
Rc8 9. Bb2 Bh5 10. O-O Bg6 11. e4 dxe4 12. Nxe4 Nxe4 13. Bxe4 O-O 14. Bxg6 hxg6
15. Rad1 Qa5 16. Rfe1 Rfd8 17. a3 Qh5 18. Rd3 Bc7 19. Qd2 g5 20. d5 cxd5 21.
cxd5 Bf4 22. Qb4 Nc5 23. Rdd1 Rxd5 24. Rxd5 exd5 25. Qd4 Qg6 26. g3 Bd6 27. Rd1
Be7 28. Rc1 Bf6 29. Rxc5 Qb1+ 30. Kg2 Bxd4 31. Rxc8+ Kh7 32. Bxd4 g4 33. Nd2
Qa2 34. Be3 Qxa3 35. Rc7 Qa5 36. Rc5 Qd8 37. Bd4 b6 38. Rc3 Qg5 39. Re3 f6 40.
Nf1 Qf5 41. Kg1 Qc2 42. Re7 Kg6 43. Rxa7 Qxb3 44. Rb7 b5 45. Bc5 d4 46. Bf8 Qe6
47. Rxg7+ Kf5 48. Rc7 Qb6 49. Rc1 1/2-1/2

[Event "4NCL Division 2b"]
[Site "Birmingham, ENG ENG"]
[Date "2015.11.14"]
[Round "1.252"]
[White "Lewis, Andrew P"]
[Black "Wheeler, Darren P"]
[Result "1/2-1/2"]
[WhiteElo "2275"]
[BlackElo "2215"]
[PlyCount "58"]
[EventDate "2015.11.14"]
[WhiteTeam "Anglian Avengers 1"]
[BlackTeam "The AD's"]

1. Nf3 d5 2. d4 e6 3. c4 c5 4. cxd5 exd5 5. Nc3 Nc6 6. g3 Nf6 7. Bg2 Be7 8. O-O
O-O 9. Bg5 Be6 10. dxc5 Bxc5 11. Bxf6 Qxf6 12. Nxd5 Qxb2 13. Nc7 Rad8 14. Qc1
Qxc1 15. Raxc1 b6 16. Nxe6 fxe6 17. e3 h6 18. Ng5 hxg5 19. Bxc6 Rd2 20. a4 Rfd8
21. Rc4 Kf7 22. Re4 Kf6 23. Kg2 Rd1 24. Rxd1 Rxd1 25. Bb5 Kf5 26. Kf3 Rd2 27.
g4+ Kf6 28. Bc4 e5 29. Bb5 Rc2 1/2-1/2

[Event "4NCL Division 2b"]
[Site "Birmingham, ENG ENG"]
[Date "2015.11.14"]
[Round "1.253"]
[White "Swindells, Jonathan E"]
[Black "Mayhew, Andrew"]
[Result "0-1"]
[WhiteElo "2260"]
[BlackElo "2327"]
[PlyCount "118"]
[EventDate "2015.11.14"]
[WhiteTeam "The AD's"]
[BlackTeam "Anglian Avengers 1"]

1. e4 e6 2. Qe2 c5 3. f4 Nc6 4. Nf3 Be7 5. d3 d5 6. g3 Nf6 7. Bg2 O-O 8. O-O b5
9. Ne5 Bb7 10. Nd2 Nd4 11. Qd1 dxe4 12. dxe4 Qb6 13. c3 Nc6 14. Nxc6 Bxc6 15.
c4 Rad8 16. Qe2 bxc4 17. Nxc4 Qa6 18. b3 Bb5 19. Bb2 Bxc4 20. bxc4 Nd7 21. Rf2
Bf6 22. e5 Be7 23. f5 exf5 24. Rxf5 Nb6 25. Bf1 Na4 26. Bc1 Qe6 27. Rf3 Rd4 28.
Ra3 Nb6 29. Ra6 Rfd8 30. Be3 Re4 31. Qf2 Qxe5 32. Re1 Bf6 33. Bf4 Qd4 34. Rxe4
Qxe4 35. Qg2 Qb1 36. Qf2 Qe4 37. Qg2 Qb1 38. Rxa7 Rd1 39. Qe2 Re1 40. Qf3 h5
41. Kg2 Qc2+ 42. Kh3 Qf5+ 43. Kg2 g5 44. Bd3 Qe6 45. Qxh5 gxf4 46. Qh7+ Kf8 47.
Qh6+ Bg7 48. Qxe6 Rxe6 49. gxf4 Re3 50. Bf1 Bd4 51. Rb7 Na4 52. Rb3 Nc3 53. a3
Nd1 54. Rd3 Re1 55. Be2 Rxe2+ 56. Kf1 Rxh2 57. Rxd1 Rh1+ 58. Ke2 Rxd1 59. Kxd1
f5 0-1

[Event "4NCL Division 2b"]
[Site "Birmingham, ENG ENG"]
[Date "2015.11.14"]
[Round "1.254"]
[White "Spence, David J"]
[Black "Besedin, Pavel"]
[Result "1/2-1/2"]
[WhiteElo "2320"]
[BlackElo "2238"]
[PlyCount "98"]
[EventDate "2015.11.14"]
[WhiteTeam "Anglian Avengers 1"]
[BlackTeam "The AD's"]

1. e4 e5 2. Nf3 Nf6 3. Nxe5 d6 4. Nf3 Nxe4 5. Nc3 Nxc3 6. bxc3 Be7 7. Rb1 O-O
8. Bd3 Nd7 9. O-O Nc5 10. Bc4 d5 11. Be2 Re8 12. c4 d4 13. d3 Na4 14. Bd2 Ba3
15. Re1 Bb2 16. Rxb2 Nxb2 17. Qa1 Na4 18. Nxd4 Qf6 19. Bf3 Rxe1+ 20. Qxe1 Bd7
21. Nb3 Re8 22. Qa1 Qxa1+ 23. Nxa1 b6 24. Kf1 Nc5 25. Nb3 Nxb3 26. axb3 c5 27.
Be3 Rc8 28. g3 g6 29. Ke1 Bc6 30. Bxc6 Rxc6 31. Kd2 Kf8 32. h4 Ke7 33. Kc3 Ke6
34. b4 Kf5 35. b5 Re6 36. Kd2 Kg4 37. c3 f6 38. d4 cxd4 39. cxd4 Kf5 40. c5
bxc5 41. dxc5 Ke4 42. c6 Kd5 43. Bxa7 Kd6 44. Bd4 Re4 45. Kd3 f5 46. f3 Re1 47.
Be3 Kc7 48. Bf4+ Kb6 49. Be3+ Kc7 1/2-1/2

[Event "4NCL Division 2b"]
[Site "Birmingham, ENG ENG"]
[Date "2015.11.14"]
[Round "1.255"]
[White "Snape, Ian L"]
[Black "Talsma, Paul"]
[Result "1-0"]
[WhiteElo "2245"]
[BlackElo "2245"]
[PlyCount "69"]
[EventDate "2015.11.14"]
[WhiteTeam "The AD's"]
[BlackTeam "Anglian Avengers 1"]

1. d4 Nf6 2. Nf3 c5 3. d5 e6 4. c4 b5 5. Bg5 exd5 6. cxd5 d6 7. a4 b4 8. e4 Be7
9. Bb5+ Bd7 10. Qd3 O-O 11. O-O Bxb5 12. axb5 Nbd7 13. Nbd2 Nb6 14. Ra6 Nfxd5
15. Bxe7 Nxe7 16. Nc4 Nxc4 17. Qxc4 Nc8 18. e5 Nb6 19. Qc2 dxe5 20. Qxc5 f6 21.
Qxb4 Qd5 22. Rfa1 Rfc8 23. h3 Rc7 24. b3 Nc8 25. R6a5 Qc5 26. Qd2 Nb6 27. Nh2
Rd7 28. Qe2 Qc3 29. Ra6 Rd2 30. Qg4 Qc5 31. Qe6+ Kf8 32. Qf5 Qd4 33. Ng4 Qd3
34. Qxd3 Rxd3 35. Rxb6 1-0

[Event "4NCL Division 2b"]
[Site "Birmingham, ENG ENG"]
[Date "2015.11.14"]
[Round "1"]
[White "Gray, Mark S"]
[Black "Rich, Mark C"]
[Result "1/2-1/2"]
[WhiteElo "2207"]
[BlackElo "2260"]
[PlyCount "32"]
[EventDate "2015.11.14"]
[WhiteTeam "Anglian Avengers 1"]
[BlackTeam "The AD's"]

1. e4 d6 2. d4 Nf6 3. Nc3 c6 4. f4 Qa5 5. e5 Ne4 6. Qf3 Nxc3 7. Bd2 Bf5 8. Bxc3
Qd5 9. Qxd5 cxd5 10. exd6 e6 11. Bb5+ Nc6 12. Bb4 Kd7 13. Nf3 f6 14. Kd2 Rc8
15. Rhe1 a6 16. Bxc6+ Rxc6 1/2-1/2

[Event "4NCL Division 2b"]
[Site "Birmingham, ENG ENG"]
[Date "2015.11.14"]
[Round "1.1"]
[White "Anderton, David W"]
[Black "Bayford, Jim R"]
[Result "1-0"]
[WhiteElo "2163"]
[BlackElo "2177"]
[PlyCount "73"]
[EventDate "2015.11.14"]
[WhiteTeam "The AD's"]
[BlackTeam "Anglian Avengers 1"]

1. d4 Nf6 2. c4 c5 3. d5 e6 4. Nc3 exd5 5. cxd5 d6 6. e4 g6 7. f4 Bg7 8. Bb5+
Bd7 9. e5 dxe5 10. fxe5 Nh5 11. Nf3 O-O 12. O-O Bg4 13. Re1 a6 14. Be2 Nd7 15.
h3 Bxf3 16. Bxf3 Nxe5 17. Bxh5 gxh5 18. Qxh5 f5 19. Bh6 Qf6 20. Bxg7 Kxg7 21.
Rad1 Rad8 22. Re3 Kh8 23. Qe2 Ng6 24. Qc4 f4 25. Re6 Qf5 26. Qxc5 f3 27. Rf1
Qc2 28. Qd4+ Kg8 29. Rxf3 Rxf3 30. gxf3 Rf8 31. Qf2 Qf5 32. Qg3 Kh8 33. Qg4 Qd3
34. Qe4 Qd2 35. Qe3 Qxb2 36. Rb6 Qa1+ 37. Rb1 1-0

[Event "4NCL Division 2b"]
[Site "Birmingham, ENG ENG"]
[Date "2015.11.14"]
[Round "1.2"]
[White "Player, Edmund C"]
[Black "Bellin, Jana M"]
[Result "1-0"]
[WhiteElo "2187"]
[BlackElo "2065"]
[PlyCount "79"]
[EventDate "2015.11.14"]
[WhiteTeam "Anglian Avengers 1"]
[BlackTeam "The AD's"]

1. e4 c5 2. Nf3 e6 3. c4 a6 4. Nc3 Nc6 5. d4 cxd4 6. Nxd4 Nf6 7. Nxc6 dxc6 8.
Qxd8+ Kxd8 9. Bf4 Bb4 10. O-O-O+ Ke7 11. f3 Rd8 12. Be2 Rxd1+ 13. Rxd1 b5 14.
Kc2 Nd7 15. a3 e5 16. Bg5+ f6 17. Bxf6+ gxf6 18. axb4 bxc4 19. Bxc4 Rb8 20. Ra1
Rb6 21. Na2 Nf8 22. Kc3 Be6 23. Nc1 Bxc4 24. Kxc4 Ne6 25. Nb3 Kd6 26. Nc5 Nd4
27. Nxa6 Nc2 28. Ra4 Ne3+ 29. Kc3 Nxg2 30. Nc5 Ke7 31. Ra7+ Kd8 32. Ra8+ Ke7
33. Ra7+ Kd8 34. Rf7 f5 35. Rxf5 Nh4 36. Rxe5 Nxf3 37. Rh5 Ng1 38. Rxh7 Ne2+
39. Kc4 Nf4 40. Rb7 1-0

[Event "4NCL Division 2b"]
[Site "Birmingham, ENG ENG"]
[Date "2015.11.14"]
[Round "1.5"]
[White "Pickard, Charles"]
[Black "Eames, Robert S"]
[Result "1-0"]
[WhiteElo "2130"]
[BlackElo "2320"]
[PlyCount "73"]
[EventDate "2015.11.14"]
[WhiteTeam "Cambridge University 2"]
[BlackTeam "Hackney 1"]

1. c4 e5 2. g3 Nf6 3. Bg2 c6 4. d4 Bb4+ 5. Bd2 Bxd2+ 6. Qxd2 d6 7. Nc3 Qe7 8.
e4 O-O 9. Nge2 b5 10. cxb5 cxb5 11. O-O Bb7 12. Rfe1 Nbd7 13. dxe5 dxe5 14. Nd5
Nxd5 15. exd5 Qd6 16. Nc3 b4 17. Ne4 Qg6 18. Rac1 Rac8 19. Rxc8 Rxc8 20. Bh3 f5
21. Rc1 Rd8 22. Bxf5 Qxf5 23. Nd6 Qh3 24. Nxb7 e4 25. Qf4 Rf8 26. Qxe4 Qh5 27.
Qe6+ Qf7 28. Nd6 Qxe6 29. dxe6 Nf6 30. e7 Rb8 31. Kg2 a5 32. Rc5 Ne8 33. Nxe8
Rxe8 34. Re5 a4 35. Kf3 Kf7 36. Ke4 Kf6 37. Kd5 1-0

[Event "4NCL Division 2b"]
[Site "Birmingham, ENG ENG"]
[Date "2015.11.14"]
[Round "1.6"]
[White "Cenal Gutierrez, Ruben"]
[Black "Robertson, J Stuart"]
[Result "1/2-1/2"]
[WhiteElo "2260"]
[BlackElo "2093"]
[PlyCount "55"]
[EventDate "2015.11.14"]
[WhiteTeam "Hackney 1"]
[BlackTeam "Cambridge University 2"]

1. e4 c5 2. Nf3 Nc6 3. d4 cxd4 4. Nxd4 Nf6 5. Nc3 e5 6. Ndb5 d6 7. Bg5 a6 8.
Na3 b5 9. Nd5 Be7 10. Bxf6 Bxf6 11. c3 O-O 12. Nc2 Bg5 13. a4 bxa4 14. Rxa4 a5
15. Bc4 Rb8 16. b3 Kh8 17. h4 Bh6 18. Nce3 Bxe3 19. Nxe3 f5 20. exf5 Bxf5 21.
Qd5 Qc7 22. h5 Bd7 23. O-O Rf6 24. Ra2 Be6 25. Qd3 Ne7 26. Bxe6 Rxe6 27. c4 Nc6
28. Qd5 1/2-1/2

[Event "4NCL Division 2b"]
[Site "Birmingham, ENG ENG"]
[Date "2015.11.14"]
[Round "1.7"]
[White "Kalavannan, Koby"]
[Black "Chin, Francis"]
[Result "1/2-1/2"]
[WhiteElo "2063"]
[BlackElo "2102"]
[PlyCount "91"]
[EventDate "2015.11.14"]
[WhiteTeam "Cambridge University 2"]
[BlackTeam "Hackney 1"]

1. d4 d5 2. Nf3 c6 3. c4 e6 4. Nbd2 Nf6 5. g3 Nbd7 6. Bg2 Bd6 7. O-O O-O 8. Qc2
Re8 9. Rd1 Qe7 10. e4 dxe4 11. Nxe4 Nxe4 12. Qxe4 e5 13. dxe5 Nxe5 14. Nxe5
Bxe5 15. Bf4 Bg4 16. f3 Bxf4 17. Qxf4 Be6 18. b3 Rad8 19. Qe3 a6 20. f4 h6 21.
Bf3 Qa3 22. Qb6 Qe7 23. Re1 g6 24. Re2 Rd6 25. Rae1 Red8 26. Qf2 Qf6 27. c5 Rd4
28. Re5 Kg7 29. Kg2 R8d7 30. h3 a5 31. Bg4 Bxg4 32. hxg4 a4 33. bxa4 Rxa4 34.
Qb2 Rad4 35. R1e2 Kh7 36. Qc2 R4d5 37. Re8 Qd4 38. R8e5 Kg7 39. R5e4 Qxc5 40.
Qb2+ Rd4 41. Rd2 Qb5 42. Rexd4 Qxb2 43. Rxd7 Qb4 44. R7d4 Qa3 45. Rc4 Qe3 46.
Rdc2 1/2-1/2

[Event "4NCL Division 2b"]
[Site "Birmingham, ENG ENG"]
[Date "2015.11.14"]
[Round "1.8"]
[White "Bowmer, Kevin"]
[Black "Beckett, Chris J"]
[Result "0-1"]
[WhiteElo "2050"]
[BlackElo "2129"]
[PlyCount "36"]
[EventDate "2015.11.14"]
[WhiteTeam "Hackney 1"]
[BlackTeam "Cambridge University 2"]

1. e4 d6 2. d4 Nf6 3. Nc3 e5 4. Nf3 Nbd7 5. Bc4 Be7 6. O-O Nb6 7. Bb3 exd4 8.
Qxd4 O-O 9. a4 a5 10. Bf4 Bg4 11. Nd2 Nfd7 12. Nc4 Bf6 13. Qd2 Be6 14. Nd5 Nxc4
15. Bxc4 Nc5 16. Nxf6+ Qxf6 17. e5 dxe5 18. Bg5 Ne4 0-1

[Event "4NCL Division 2b"]
[Site "Birmingham, ENG ENG"]
[Date "2015.11.14"]
[Round "1.9"]
[White "Gooding, Ian"]
[Black "Tasker, Michael W"]
[Result "1-0"]
[WhiteElo "2028"]
[BlackElo "2072"]
[PlyCount "55"]
[EventDate "2015.11.14"]
[WhiteTeam "Cambridge University 2"]
[BlackTeam "Hackney 1"]

1. e4 c5 2. Nf3 d6 3. d4 cxd4 4. Nxd4 Nf6 5. Nc3 Nc6 6. Bg5 e6 7. Qd2 Be7 8.
O-O-O O-O 9. Nb3 Qb6 10. f3 a6 11. h4 Rd8 12. h5 h6 13. Be3 Qc7 14. Qf2 d5 15.
Bb6 Qf4+ 16. Kb1 dxe4 17. Bxd8 Bxd8 18. Rh4 Qg5 19. Nxe4 Nxe4 20. Rxe4 Qxh5 21.
Qc5 Qh2 22. Rxd8+ Nxd8 23. Qe7 Nc6 24. Qe8+ Kh7 25. Qxf7 Nd8 26. Qe8 Qc7 27.
Bd3 g6 28. Rg4 1-0

[Event "4NCL Division 2b"]
[Site "Birmingham, ENG ENG"]
[Date "2015.11.14"]
[Round "1.10"]
[White "Yurenok, Maria S"]
[Black "Chan, Nevil"]
[Result "1/2-1/2"]
[WhiteElo "2020"]
[BlackElo "2045"]
[PlyCount "34"]
[EventDate "2015.11.14"]
[WhiteTeam "Hackney 1"]
[BlackTeam "Cambridge University 2"]

1. d4 b6 2. Nf3 Bb7 3. g3 e6 4. Bg2 f5 5. c4 Nf6 6. O-O Be7 7. Nc3 Ne4 8. d5
Nxc3 9. bxc3 O-O 10. dxe6 dxe6 11. Nd4 Bxg2 12. Kxg2 Qc8 13. c5 bxc5 14. Nf3
Qb7 15. Kg1 Bf6 16. Qc2 Nd7 17. Bg5 Qc6 1/2-1/2

[Event "4NCL Division 2b"]
[Site "Birmingham, ENG ENG"]
[Date "2015.11.14"]
[Round "1.11"]
[White "Starley, Robert"]
[Black "Booth, Richard"]
[Result "1-0"]
[WhiteElo "2012"]
[BlackElo "2020"]
[PlyCount "35"]
[EventDate "2015.11.14"]
[WhiteTeam "Cambridge University 2"]
[BlackTeam "Hackney 1"]

1. e4 e5 2. Nf3 Nc6 3. Bb5 f5 4. d3 Nf6 5. Qe2 Qe7 6. O-O d6 7. Nc3 Bd7 8. Bg5
O-O-O 9. exf5 Bxf5 10. Bxc6 bxc6 11. d4 e4 12. Qa6+ Kd7 13. Nh4 Bg6 14. d5 cxd5
15. Nxd5 Qe5 16. Qb5+ Kc8 17. Bxf6 gxf6 18. Qc6 1-0

[Event "4NCL Division 2b"]
[Site "Birmingham, ENG ENG"]
[Date "2015.11.14"]
[Round "1.12"]
[White "Balloglu, Piro"]
[Black "Gordon-Brown, Alexander J"]
[Result "1-0"]
[WhiteElo "1997"]
[BlackElo "2043"]
[PlyCount "99"]
[EventDate "2015.11.14"]
[WhiteTeam "Hackney 1"]
[BlackTeam "Cambridge University 2"]

1. e4 e6 2. d4 d5 3. Nc3 Nf6 4. e5 Nfd7 5. f4 c5 6. Nf3 Nc6 7. Be3 cxd4 8. Nxd4
Bc5 9. Qd2 O-O 10. h4 a6 11. g4 Bxd4 12. Bxd4 f6 13. exf6 Nxf6 14. g5 Nh5 15.
Ne2 Nxd4 16. Qxd4 Qd6 17. O-O-O Nxf4 18. Kb1 e5 19. Qd2 d4 20. Ng3 Bg4 21. Re1
Rac8 22. h5 Qd5 23. Rh2 Be6 24. b3 b5 25. h6 Bf5 26. Qb4 d3 27. Nxf5 Rxf5 28.
Qe7 Qf7 29. Rxe5 Qxe7 30. Rxe7 Rxg5 31. Bxd3 Nxd3 32. cxd3 Rc6 33. hxg7 Rxg7
34. Re8+ Kf7 35. Rh8 Kg6 36. d4 Rd6 37. Rd2 Kf5 38. Kc2 Ke6 39. Re8+ Kd7 40.
Re5 h6 41. Kc3 Rg5 42. Rde2 Rg3+ 43. Kb4 Rxd4+ 44. Kc5 Rd1 45. Re7+ Kc8 46.
R2e6 h5 47. Rxa6 Rg5+ 48. Kb4 Kd8 49. Rh7 Ke8 50. Ra8+ 1-0

[Event "4NCL Division 2b"]
[Site "Birmingham, ENG ENG"]
[Date "2015.11.14"]
[Round "1.15"]
[White "Walker, David J"]
[Black "Buckley, David E"]
[Result "1/2-1/2"]
[WhiteElo "2300"]
[BlackElo "2253"]
[PlyCount "141"]
[EventDate "2015.11.14"]
[WhiteTeam "North East England"]
[BlackTeam "Downend & Fishponds"]

1. c4 Nf6 2. g3 c6 3. Bg2 d5 4. Nf3 dxc4 5. O-O Nbd7 6. Na3 Nb6 7. Qc2 Be6 8.
Ne5 Qd4 9. Nxc6 bxc6 10. Bxc6+ Bd7 11. Bxa8 Nxa8 12. Qxc4 Qb6 13. d3 e6 14. Be3
Qa5 15. Qb3 Nb6 16. Nc4 Qh5 17. Nxb6 axb6 18. Qxb6 Be7 19. Qb8+ Bd8 20. Bb6 O-O
21. Bxd8 Ng4 22. h4 Ne5 23. f3 Nc6 24. Qc7 Rxd8 25. Rac1 Qd5 26. Rc4 Rc8 27.
Qf4 e5 28. Qe4 Qe6 29. f4 f5 30. Qe3 Rb8 31. b3 Qf6 32. Qf2 Re8 33. Rfc1 exf4
34. gxf4 Qg6+ 35. Qg2 Rxe2 36. Qxg6 hxg6 37. Rxc6 Bxc6 38. Rxc6 Rxa2 39. Rxg6
Rd2 40. Rd6 Rb2 41. Rd5 Rxb3 42. Kf2 g6 43. Ke3 Kf7 44. h5 Ke6 45. Re5+ Kf6 46.
hxg6 Kxg6 47. Ra5 Rb4 48. Ra6+ Kf7 49. Rc6 Ke7 50. Rc4 Rb5 51. Ra4 Rb6 52. Ra5
Ke6 53. Re5+ Kf6 54. Rc5 Rd6 55. d4 Ra6 56. d5 Ra4 57. Rc6+ Kf7 58. Re6 Rb4 59.
Re5 Rb3+ 60. Ke2 Kf6 61. Re3 Rb4 62. Re6+ Kf7 63. Ke3 Ra4 64. Re5 Ra3+ 65. Kd4
Ra4+ 66. Kc5 Rxf4 67. d6 Re4 68. Rxf5+ Ke6 69. Rh5 Re1 70. Rh6+ Kd7 71. Rh7+
1/2-1/2

[Event "4NCL Division 2b"]
[Site "Birmingham, ENG ENG"]
[Date "2015.11.14"]
[Round "1.16"]
[White "Duncanson, Henry G"]
[Black "Dunn, Andrew"]
[Result "1/2-1/2"]
[WhiteElo "2305"]
[BlackElo "2252"]
[PlyCount "31"]
[EventDate "2015.11.14"]
[WhiteTeam "Downend & Fishponds"]
[BlackTeam "North East England"]

1. e4 c6 2. d4 d5 3. Nc3 dxe4 4. Nxe4 Bf5 5. Ng3 Bg6 6. Nh3 Nf6 7. Nf4 e5 8.
Nxg6 hxg6 9. Be3 exd4 10. Qxd4 Qxd4 11. Bxd4 Bd6 12. O-O-O Nbd7 13. Kb1 Bc5 14.
Bxc5 Nxc5 15. Be2 O-O 16. Bf3 1/2-1/2

[Event "4NCL Division 2b"]
[Site "Birmingham, ENG ENG"]
[Date "2015.11.14"]
[Round "1.17"]
[White "Tavoularis, Nicholas"]
[Black "Russell, Christopher"]
[Result "1-0"]
[WhiteElo "2230"]
[BlackElo "2094"]
[PlyCount "71"]
[EventDate "2015.11.14"]
[WhiteTeam "North East England"]
[BlackTeam "Downend & Fishponds"]

1. f4 d5 2. Nf3 g6 3. g3 Bg7 4. Bg2 c5 5. d3 Nh6 6. c3 O-O 7. O-O Nc6 8. e4
dxe4 9. dxe4 e5 10. Na3 Qe7 11. fxe5 Ng4 12. Bg5 Qc7 13. Qd6 Bxe5 14. Qxc5 Bd6
15. Qb5 h6 16. Bd2 Be6 17. Nd4 a6 18. Qe2 Bc5 19. Nac2 Qb6 20. Kh1 Nxd4 21.
Nxd4 Bxd4 22. cxd4 Qxd4 23. Bc3 Qc5 24. h3 Qh5 25. Rf4 Nf6 26. Qf1 Nd7 27. g4
Qg5 28. Qf2 Qc5 29. Qg3 Rad8 30. a3 Rfe8 31. Rf2 Bc4 32. b4 Qe7 33. Rd1 Rc8 34.
e5 Rc7 35. e6 Nf8 36. Rxf7 1-0

[Event "4NCL Division 2b"]
[Site "Birmingham, ENG ENG"]
[Date "2015.11.14"]
[Round "1.18"]
[White "Makepeace, Philip J"]
[Black "Dargan, Paul A G"]
[Result "0-1"]
[WhiteElo "2091"]
[BlackElo "2140"]
[PlyCount "66"]
[EventDate "2015.11.14"]
[WhiteTeam "Downend & Fishponds"]
[BlackTeam "North East England"]

1. Nf3 d5 2. d4 Nf6 3. g3 Bg4 4. Bg2 c6 5. O-O Nbd7 6. c4 e6 7. Nc3 Bd6 8. cxd5
exd5 9. Qc2 O-O 10. a4 Re8 11. a5 Nf8 12. a6 b6 13. Nd1 Ne6 14. Be3 c5 15. dxc5
bxc5 16. Nh4 Rb8 17. Nf5 Bf8 18. f3 Bh5 19. Bf2 Bg6 20. Ra4 d4 21. g4 Nd5 22.
Qd2 Bxf5 23. gxf5 Nef4 24. e4 Qg5 25. Be1 Ne3 26. Nxe3 dxe3 27. Qc2 e2 28. Rf2
Nh3+ 29. Kh1 Nxf2+ 30. Bxf2 Red8 31. Qxe2 Qc1+ 32. Bg1 Rd1 33. Qf2 Rxb2 0-1

[Event "4NCL Division 2b"]
[Site "Birmingham, ENG ENG"]
[Date "2015.11.14"]
[Round "1.19"]
[White "Coathup, Roger H"]
[Black "Savory, Richard J"]
[Result "1/2-1/2"]
[WhiteElo "2185"]
[BlackElo "2080"]
[PlyCount "99"]
[EventDate "2015.11.14"]
[WhiteTeam "North East England"]
[BlackTeam "Downend & Fishponds"]

1. d4 Nf6 2. c4 g6 3. Nc3 Bg7 4. e4 d6 5. Be2 O-O 6. Bg5 Na6 7. h4 h6 8. Be3 e5
9. d5 Nc5 10. Qc2 a5 11. h5 g5 12. f3 Ne8 13. g4 Bd7 14. Nh3 Bf6 15. Nf2 Be7
16. O-O Na6 17. a3 c5 18. Nd3 Nec7 19. Rab1 Rb8 20. b4 axb4 21. axb4 cxb4 22.
Nxb4 Nc5 23. Rb2 N7a6 24. Rfb1 Qc7 25. Nba2 b6 26. Nb5 Qc8 27. Nac3 Rb7 28. Ra2
Nc7 29. Qb2 Nxb5 30. Nxb5 Bxb5 31. Qxb5 Qc7 32. Rab2 Ra8 33. Qb4 Kf8 34. Qd2
Bd8 35. Ra2 Rba7 36. Rba1 Qb7 37. Bd1 Rxa2 38. Rxa2 Rxa2 39. Qxa2 Qa6 40. Qxa6
Nxa6 41. Kf2 Nc5 42. Ke2 Ke7 43. Kd2 Kd7 44. Kc3 Kc7 45. Bc2 Kb7 46. Kb4 f6 47.
Ba4 Be7 48. Bc6+ Kc7 49. Ba4 Kb7 50. Bc6+ 1/2-1/2

[Event "4NCL Division 2b"]
[Site "Birmingham, ENG ENG"]
[Date "2015.11.14"]
[Round "1.20"]
[White "Martin, Peter"]
[Black "Henderson, David"]
[Result "1/2-1/2"]
[WhiteElo "2097"]
[BlackElo "2155"]
[PlyCount "55"]
[EventDate "2015.11.14"]
[WhiteTeam "Downend & Fishponds"]
[BlackTeam "North East England"]

1. d4 d5 2. Nf3 Nf6 3. e3 e6 4. Bd3 Bd6 5. Nbd2 Nbd7 6. b3 e5 7. dxe5 Nxe5 8.
Be2 O-O 9. O-O Bf5 10. Bb2 Qe7 11. Re1 c5 12. Nxe5 Bxe5 13. Bxe5 Qxe5 14. Bd3
Ne4 15. Nxe4 Bxe4 16. Qd2 Rfd8 17. Rad1 Qf6 18. Qe2 h6 19. Rd2 Bxd3 20. cxd3
Rac8 21. Rc1 Rc6 22. Rdc2 Rdc8 23. Qg4 Qe6 24. Qxe6 fxe6 25. Kf1 Kf7 26. Ke2 e5
27. f3 Ke6 28. g3 1/2-1/2

[Event "4NCL Division 2b"]
[Site "Birmingham, ENG ENG"]
[Date "2015.11.14"]
[Round "1.21"]
[White "Malola, Prasath.T.S"]
[Black "Brigden, Michael E"]
[Result "1-0"]
[WhiteElo "2095"]
[BlackElo "2072"]
[PlyCount "69"]
[EventDate "2015.11.14"]
[WhiteTeam "North East England"]
[BlackTeam "Downend & Fishponds"]

1. e4 e6 2. Qe2 c5 3. g3 Nc6 4. Bg2 d6 5. c3 g6 6. h4 h5 7. Nh3 Bh6 8. Na3 Nge7
9. Nf4 e5 10. Nd5 Nxd5 11. exd5 Ne7 12. Qb5+ Kf8 13. b4 a6 14. Qe2 cxb4 15.
cxb4 Kg7 16. Bb2 Nf5 17. O-O Re8 18. Rfe1 Kg8 19. d4 Bg7 20. Nc4 b5 21. Na5 Bd7
22. Nc6 Qb6 23. dxe5 Nxg3 24. Qc2 Nf5 25. e6 fxe6 26. Bxg7 Kxg7 27. dxe6 Bxe6
28. Qc3+ Kh7 29. Qf6 Ng7 30. Ne7 Bf5 31. Bxa8 Rxa8 32. Rad1 Rd8 33. Nd5 Qb8 34.
Re7 Rg8 35. Qg5 1-0

[Event "4NCL Division 2b"]
[Site "Birmingham, ENG ENG"]
[Date "2015.11.14"]
[Round "1.22"]
[White "French, Max"]
[Black "Dalton, Joseph"]
[Result "0-1"]
[WhiteElo "1907"]
[BlackElo "2020"]
[PlyCount "54"]
[EventDate "2015.11.14"]
[WhiteTeam "Downend & Fishponds"]
[BlackTeam "North East England"]

1. d4 g6 2. c4 Bg7 3. Nc3 c5 4. d5 d6 5. e4 Nf6 6. Bd3 O-O 7. h3 e6 8. Nf3 exd5
9. cxd5 Re8 10. O-O c4 11. Bxc4 Nxe4 12. Nxe4 Rxe4 13. Bd3 Re8 14. Bf4 Bxb2 15.
Rb1 Be5 16. Bxe5 dxe5 17. Bb5 Bd7 18. Qa4 a6 19. Bxd7 Nxd7 20. Qb4 b5 21. d6
Nb6 22. Rfd1 Re6 23. Rbc1 Nc4 24. d7 Ra7 25. Nxe5 Rxe5 26. Qb2 Nxb2 27. Rc8
Rxd7 0-1

[Event "4NCL Division 2b"]
[Site "Birmingham, ENG ENG"]
[Date "2015.11.14"]
[Round "1.25"]
[White "Farrand, Tom"]
[Black "Stebbings, Anthony J"]
[Result "0-1"]
[WhiteElo "2267"]
[BlackElo "2308"]
[PlyCount "44"]
[EventDate "2015.11.14"]
[WhiteTeam "CSC Dragons [1]"]
[BlackTeam "KJCA Kings"]

1. e4 c5 2. Nc3 Nc6 3. f4 g6 4. Nf3 Bg7 5. Bb5 Nd4 6. O-O e6 7. d3 Ne7 8. Nxd4
cxd4 9. Ne2 O-O 10. Ba4 a6 11. Bd2 b5 12. Bb3 Bb7 13. Qe1 a5 14. a4 b4 15. Qf2
Qb6 16. Rab1 Rac8 17. c3 Ba6 18. c4 f5 19. e5 Nc6 20. h4 Qc5 21. Nxd4 Qxd4 22.
Be3 Qxd3 0-1

[Event "4NCL Division 2b"]
[Site "Birmingham, ENG ENG"]
[Date "2015.11.14"]
[Round "1.26"]
[White "Harakis, Alexis M"]
[Black "Webb, Richard M"]
[Result "1/2-1/2"]
[WhiteElo "2243"]
[BlackElo "2262"]
[PlyCount "96"]
[EventDate "2015.11.14"]
[WhiteTeam "KJCA Kings"]
[BlackTeam "CSC Dragons [1]"]

1. d4 Nf6 2. c4 g6 3. Nf3 Bg7 4. e3 O-O 5. Be2 c5 6. d5 d6 7. Nc3 e6 8. O-O
exd5 9. cxd5 Bg4 10. Qb3 Qc8 11. a4 Nbd7 12. Nb5 Qb8 13. a5 a6 14. Nc3 b5 15.
axb6 Qxb6 16. Qxb6 Nxb6 17. h3 Bxf3 18. Bxf3 Nfd7 19. Be2 c4 20. Ne4 Nxd5 21.
Bxc4 N5b6 22. Be2 d5 23. Nc3 Nc5 24. Ra3 Nc4 25. Ra2 Bxc3 26. bxc3 Ne4 27. Bxc4
dxc4 28. Ba3 Rfc8 29. Bb4 Rc6 30. Rd1 Nc5 31. Rd5 Nd3 32. Be7 Kg7 33. g4 h6 34.
h4 Ra7 35. Rd6 Rxd6 36. Bxd6 Kf6 37. Ra4 Ke6 38. Bf8 Ne5 39. Bxh6 Nxg4 40. Bf4
Ne5 41. Ra5 Nf3+ 42. Kf1 Nxh4 43. e4 f6 44. Ke2 g5 45. Bg3 Ng6 46. Ke3 Ne7 47.
Ra4 Nc6 48. Rxc4 Kd7 1/2-1/2

[Event "4NCL Division 2b"]
[Site "Birmingham, ENG ENG"]
[Date "2015.11.14"]
[Round "1.27"]
[White "Thompson, Ian D"]
[Black "Foord, Dominic"]
[Result "1-0"]
[WhiteElo "2237"]
[BlackElo "2081"]
[PlyCount "51"]
[EventDate "2015.11.14"]
[WhiteTeam "CSC Dragons [1]"]
[BlackTeam "KJCA Kings"]

1. Nf3 d5 2. d4 Nf6 3. c4 e6 4. Nc3 c6 5. e3 Nbd7 6. Qc2 Bd6 7. Bd2 Qe7 8. h3
O-O 9. Bd3 dxc4 10. Bxc4 b5 11. Bd3 Bb7 12. Ng5 h6 13. Nge4 Nxe4 14. Nxe4 e5
15. O-O Rac8 16. Nxd6 Qxd6 17. dxe5 Nxe5 18. Be4 Rfe8 19. Rfd1 Qe7 20. Bh7+ Kh8
21. Bf5 Rcd8 22. Bc3 c5 23. Be4 Bxe4 24. Qxe4 Nd3 25. Qc6 Qh4 26. Rxd3 1-0

[Event "4NCL Division 2b"]
[Site "Birmingham, ENG ENG"]
[Date "2015.11.14"]
[Round "1.28"]
[White "Lunn, Matthew"]
[Black "Frostick, Clive A"]
[Result "1/2-1/2"]
[WhiteElo "2064"]
[BlackElo "2175"]
[PlyCount "25"]
[EventDate "2015.11.14"]
[WhiteTeam "KJCA Kings"]
[BlackTeam "CSC Dragons [1]"]

1. d4 d5 2. c4 dxc4 3. e3 e5 4. Bxc4 exd4 5. exd4 Nf6 6. Nc3 Be7 7. h3 O-O 8.
Nf3 Nbd7 9. O-O Nb6 10. Bb3 Nbd5 11. Re1 c6 12. Bg5 Be6 13. Nxd5 1/2-1/2